Historia, cultura y memoria en el mundo rural, 1. la argentina rural: un modelo para armar /

Guardado en:
Otros Autores: Girbal-blacha, Noemí
Formato: Libro
Publicado: Bernal : Universidad Nacional de Quilmes, 2015
Materias:
Etiquetas: Agregar Etiqueta
Sin Etiquetas, Sea el primero en etiquetar este registro!
LEADER 00646nam a22001815a 4500
001 EHU.bham044700
003 AR-BHAM
005 20170503141604.0
008 130507s2015##################000#0#####d
020 |a 9789875583108 
082 3 3 |a 331.137 
245 0 0 |a Historia, cultura y memoria en el mundo rural, 1. la argentina rural: un modelo para armar /  |c Noemí Girbal-blacha 
260 |a Bernal :  |b Universidad Nacional de Quilmes,  |c 2015 
300 |a 14 p. 
653 |a Campo argentino-historia de 
653 |a Economía argentina-historia de la 
700 1 |a Girbal-blacha, Noemí 
859 |a AR-BHAM  |b BIB. HUMANIDADES - General  |h 331.137  |i H69  |p 116.17  |t Ej.1  |v I  |3 I